| 000 | 00401 a2200169 4500 | ||
|---|---|---|---|
| 001 | 183105 | ||
| 020 | _a85-00-00330-8 | ||
| 040 | _cMagnum | ||
| 100 | _aDumas, Alexandre | ||
| 240 | 1 | 0 |
_aNicolau, o filósofo e outros contos _lpor |
| 245 | 1 | 0 | _aNicolau, o filósofo e outros contos |
| 300 | _a93 | ||
| 362 | 0 | _a1996 | |
| 440 | 1 | _aEdiouro | |
| 697 | _aLITERATURA GERAL ESTRANGEIRA | ||
| 942 | _cBK | ||
| 999 |
_c183105 _d183105 |
||